000 00575nam a2200169 a 4500
001 000031412
005 20240322181140.0
008 110622s1961 dr 000 | spa d
040 _aDO-SdBNP
_bspa
_cBNPHU
082 _axxx
_bN789p
100 1 _aNolasco, Flérida de,
_d1891-1976
_935151
245 1 3 _aEl primer santuario de América /
_cFlérida de Nolasco.
260 _aCiudad Trujillo, República Dominicana :
_bImpresora Dominicana,
_c1961.
300 _a39 p. ;
_c15 cm.
504 _aIncluye referencias bibliográficas y notas al pie de las páginas.
049 _aBNPD
999 _c30904
_d30904